000 00840nam a2200205 a 4500
005 20250225063838.0
008 020502s1991 mx r 000 0 spa d
035 _aUPN01000117153
049 _aCG
050 4 _aLB1573
_bU7.5
100 1 _aUribe López, Sandra Luz.
245 1 3 _aEl método de enseñanza para la lecto-escritura que usan los profesores de la zona escolar 7-12 del Estado de Morelos /
_cSandra Luz Uribe López.
260 _aMéxico :
_bS.L. Uribe López,
_c1991.
300 _a87, [35] h. :
_bil.
502 _aTesis (Lic. en Pedagogía) -- Universidad Nacional Autónoma de México. Facultad de Filosofía y Letras. Colegio de Pedagogía, 1991.
650 4 _aLectoescritura
_92985
650 4 _aMétodos de estudio
_94280
710 2 _aUNAM.
_bFacultad de Filosofía y Letras. Colegio de Pedagogía.
905 _aLibro
999 _c89719
_d89719